Yandhi Album Quiz - Statistics

General Stats
  • This quiz has been taken 29 times
  • The average score is 10 of 18
Answer Stats
Hint Answer % Correct
1. (Later recycled into"Selah") Chakras
91%
5. (Later Recycled into "Hurricane") 80 Degrees
87%
3. (ft. Nicki Minaj and Ty Dolla $ign) New Body
87%
2. (Later recycled into "Everything we need") The Storm
87%
11. (Released on VULTURES 2, ft. Ty Dolla $ign, 070 Shake, The-Dream) Sky City
83%
16. (Later recycled into "Use this Gospel", ft. Dua Lipa, Kenny G, Ant Clemons) Law ofAttraction
78%
8. (Never released, ft Quavo,Ant Clemons, Young Thug, Kid Cudi) Alien
74%
6. (ft. Lil Pump, and originially YBN Cordae, but not in the released verison) I Love it
70%
12. (ft. Carole Sager, Ant Clemons,Ty Dolla $ign) The Garden
61%
10. (ft. Ant Clemons and Tilak) Last Name
48%
14. (ft. Ant Clemons and Kenny G) Cash to Burn
43%
15. (ft. Teyana Taylor) We Got Love
43%
7. (One of 2 songs with no ft) Spread YourWings
30%
17. (Interlude) We Free
26%
18. (The other with no ft) End of It
22%
9. (Interlude) Home
17%
4. (Interlude) WDKST?
9%
13. (Interlude) Shoot It
4%
No matching quizzes found
Score Distribution
Percent of People with Each Score
Percentile by Number Answered
Your Score History
You have not taken this quiz